Periodic Table of US States Quiz Stats

 Plays Quiz Updated Dec 16, 2018

     
Support Sporcle.
Go Orange.
Score 0/50 Timer 06:00
7 Plays Today
% Correct
Texas
91.9%
Utah
91.8%
California
91.8%
New York
91.7%
Ohio
91.7%
Florida
91.7%
Kansas
91.5%
Oklahoma
91.4%
Arizona
91.3%
Nevada
91.3%
Wyoming
91.1%
Idaho
91.1%
Illinois
91.1%
New
Jersey
91%
Hawaii
90.8%
Indiana
90.7%
Oregon
90.5%
Alaska
90.4%
Arkansas
90.3%
Washington
90.3%
Alabama
89.8%
Colorado
89.4%
Tennessee
89.3%
Wisconsin
89.2%
Vermont
89.1%
% Correct
South
Dakota
89.1%
Kentucky
88.9%
North
Carolina
88.8%
South
Carolina
88.8%
Michigan
88.3%
New
Mexico
88.3%
Delaware
88.3%
North
Dakota
88.2%
New
Hampshire
88.2%
Rhode
Island
88.1%
Georgia
88%
Montana
87.7%
Iowa
87.4%
Mississ-
ippi
86.9%
Virginia
86.7%
Minnesota
86.5%
Connecticut
85.8%
Maine
85.8%
West
Virginia
85.4%
Pennsyl-
vania
85.4%
Louisiana
84.7%
Nebraska
84.7%
Massa-
chusetts
83.4%
Maryland
81.4%
Missouri
77.9%

From the Vault

Countries of Antarctica

by Matt

If it weren't for all those penguins, we're not sure anyone would know that Antarctica exists at all.
Remove Ads.
Support Sporcle.
Get the best of Sporcle when you Go Orange. This ad-free experience offers more features, more stats, and more fun while also helping to support Sporcle. Thank you for becoming a member.

Show Comments

Extras

Top Quizzes Today


Score Distribution

Your Account Isn't Verified!

In order to create a playlist on Sporcle, you need to verify the email address you used during registration. Go to your Sporcle Settings to finish the process.

Report this User

Report this user for behavior that violates our Community Guidelines.

Details: